|
|
|
|
| LEADER |
01537cam a2200409 a 4500 |
| 001 |
nkc20051531790 |
| 003 |
CZ PrNK |
| 005 |
20051207172125.0 |
| 007 |
ta |
| 008 |
050311s2005 xr g 000 p cze d |
| 015 |
|
|
|a cnb001531790
|
| 020 |
|
|
|a 80-86036-78-2
|q (brož.)
|
| 035 |
|
|
|a (OCoLC)85152751
|
| 040 |
|
|
|a ULG001
|b cze
|d ABA001
|
| 072 |
|
7 |
|a 821.162.3-1
|x Česká poezie
|2 Konspekt
|9 25
|
| 080 |
|
|
|a 821.162.3-1
|2 MRF
|
| 080 |
|
|
|a (0:82-141)
|2 MRF
|
| 100 |
1 |
|
|a Slavík, Ivan,
|d 1920-2002
|7 jk01111857
|4 aut
|
| 245 |
1 |
0 |
|a Moje Velikonoce /
|c Ivan Slavík ; [k vydání připravil a úvodní slovo napsal Mojmír Trávníček]
|
| 250 |
|
|
|a 1. vyd.
|
| 260 |
|
|
|a Svitavy :
|b Trinitas,
|c 2005
|
| 300 |
|
|
|a 45 s. ;
|c 19 cm
|
| 490 |
1 |
|
|a Vigilie ;
|v sv. 129
|
| 500 |
|
|
|a Vydáno ve spolupráci s Křesťanskou akademií Řím
|
| 655 |
|
7 |
|a česká poezie
|7 fd133958
|2 czenas
|
| 655 |
|
7 |
|a náboženská poezie
|7 fd215979
|2 czenas
|
| 655 |
|
9 |
|a Czech poetry
|2 eczenas
|
| 655 |
|
9 |
|a religious poetry
|2 eczenas
|
| 700 |
1 |
|
|a Trávníček, Mojmír,
|d 1931-2011
|7 jn99240001204
|4 edt
|4 wfw
|
| 710 |
2 |
|
|a Křesťanská akademie v Římě
|7 kn20020321274
|
| 830 |
|
0 |
|a Vigilie (Křesťanská akademie v Římě)
|0 s
|
| 856 |
4 |
1 |
|u http://www.digitalniknihovna.cz/mzk/uuid/uuid:a63bf6f0-abca-11e6-b707-005056827e51
|y Digitalizovaný dokument
|x NDK
|
| 910 |
2 |
|
|a BOA001
|b 1-1158.552
|
| 990 |
|
|
|a BK
|
| 995 |
|
|
|a 01
|
| 991 |
|
|
|b 200510
|
| 996 |
6 |
|
|b 2610260879
|c 1-1158.552
|l MZK
|r Sklad / do 1 hodiny
|n 4
|p p.v.
|w 000791821
|u 000010
|a 1
|e BOA001
|j MZK50
|s P
|